Emma Characters Sudden Death - Statistics

General Stats
  • This quiz has been taken 38 times
  • The average score is 8 of 14
Answers on the Grid
Answers color-coded by a green-red scale on the quiz's grid according to % correct below.
Mr George Knightley
Mrs Augusta Elton
Captain Declan Fraser
Miss Emma Woodhouse
Mrs Enid Winterton
Mr Frank Churchill
Mrs Goddard
Miss Jane Fairfax
Mrs Catherine Vernon
Miss Harriet Smith
Miss Charlotte Heywood
Mr Robert Martin
Mr Henry Woodhouse
Mr Philip Elton
Mr Samuel Colbourne
Mrs Anne Weston
Miss Bates
Mrs Isabella Knightley
Miss Maria Manwaring
Colonel Campbell
 
Answer Stats
Answer % Correct
Miss Emma Woodhouse
87%
Mr George Knightley
73%
Miss Bates
67%
Miss Jane Fairfax
67%
Mrs Augusta Elton
67%
Mrs Isabella Knightley
67%
Miss Harriet Smith
60%
Mr Henry Woodhouse
60%
Mr Frank Churchill
47%
Mr Philip Elton
47%
Mrs Anne Weston
47%
Colonel Campbell
33%
Mr Robert Martin
33%
Mrs Goddard
33%
No matching quizzes found
Score Distribution
Percent of People with Each Score
Percentile by Number Answered
Your Score History
You have not taken this quiz